[Event "DVM U14w 2015"]
[Site "Magdeburg GER"]
[Date "2015.12.30"]
[Round "7"]
[White "Rust, Emily"]
[Black "Kogan, Dina Rachel"]
[Result "0-1"]
[Termination "normal"]
[Board "6.4"]
[WhiteElo "910"]
[BlackElo "1200"]
[WhiteTeam "SK Blauer Springer Paderborn 1926"]
[BlackTeam "Düsseldorfer SK 14/25"]
[PlyCount "50"]
[WhiteFideId "16211499"]
[BlackFideId "16200608"]
[EventCountry "GER"]
[EventRounds "7"]
[EventType "team-swiss"]
[EventDate "2015.12.26"]

1. d4 d5 2. Bf4 e6 3. Nf3 Nf6 4. e3 Be7 5. Bd3 O-O 6. O-O b6 7. c3 Bb7 8. Be5
Nbd7 9. Bc2 c5 10. dxc5 bxc5 11. b3 Rc8 12. c4 dxc4 13. bxc4 Bxf3 14. gxf3 Nxe5
15. Nc3 Qxd1 16. Raxd1 Nxf3+ 17. Kh1 Rfd8 18. a3 Ne5 19. f4 Nxc4 20. Nb5 Nxe3
21. Rxd8+ Rxd8 22. Rc1 Nxc2 23. Rxc2 Ng4 24. Ra2 Ne3 25. Nxa7 Rd1# 0-1

[Event "DVM U14w 2015"]
[Site "Magdeburg GER"]
[Date "2015.12.30"]
[Round "7"]
[White "Suhr, Saskia"]
[Black "Schneider, Xenia"]
[Result "1/2-1/2"]
[Termination "normal"]
[Board "7.1"]
[WhiteElo "1374"]
[BlackElo "1306"]
[WhiteTeam "SC Borussia 1920 Friedrichsfelde"]
[BlackTeam "SK Endingen"]
[PlyCount "47"]
[WhiteFideId "16208803"]
[BlackFideId "12911984"]
[EventCountry "GER"]
[EventRounds "7"]
[EventType "team-swiss"]
[EventDate "2015.12.26"]

1. d4 d5 2. e3 Bd7 3. Nf3 Nf6 4. Bd3 g6 5. c3 Bg7 6. Nbd2 O-O 7. O-O Nc6 8. e4
dxe4 9. Nxe4 Nxe4 10. Bxe4 Rb8 11. Bf4 e6 12. Re1 Bf6 13. d5 exd5 14. Bxd5 Qc8
15. Ne5 Bxe5 16. Bxe5 Nxe5 17. Rxe5 c6 18. Bb3 Re8 19. Qd4 Rxe5 20. Qxe5 Qe8
21. Re1 Qxe5 22. Rxe5 Kf8 23. Re3 Re8 24. Rxe8+ 1/2-1/2

[Event "DVM U14w 2015"]
[Site "Magdeburg GER"]
[Date "2015.12.30"]
[Round "7"]
[White "Wagner, Lena"]
[Black "Oschlies, Tami"]
[Result "1-0"]
[Termination "normal"]
[Board "7.2"]
[WhiteElo "1057"]
[BlackElo "958"]
[WhiteTeam "SK Endingen"]
[BlackTeam "SC Borussia 1920 Friedrichsfelde"]
[PlyCount "77"]
[WhiteFideId "12983470"]
[BlackFideId "16217365"]
[EventCountry "GER"]
[EventRounds "7"]
[EventType "team-swiss"]
[EventDate "2015.12.26"]

1. e4 c5 2. Nc3 Nc6 3. Nf3 d6 4. Bc4 g6 5. d4 cxd4 6. Nxd4 Bg7 7. Nxc6 bxc6 8.
O-O Qc7 9. Nd5 Qb7 10. c3 Rb8 11. Nb4 a5 12. Nd3 Nf6 13. e5 dxe5 14. Nxe5 O-O
15. Qb3 Qxb3 16. axb3 Rb6 17. Rxa5 Bf5 18. Be3 Rb7 19. Nxc6 Rc8 20. Ba6 Rxc6
21. Bxb7 Re6 22. Bc8 Rc6 23. Bxf5 gxf5 24. Rxf5 Kf8 25. Rc5 Rd6 26. b4 Ke8 27.
b5 Kd8 28. Rc4 Rd7 29. Rd4 Nd5 30. Rc4 Rb7 31. b6 Nxb6 32. Bxb6+ Rxb6 33. Rd1+
Rd6 34. Rxd6+ exd6 35. b4 d5 36. Rc5 d4 37. cxd4 Bxd4 38. Rd5+ Kc7 39. Rxd4 1-0

[Event "DVM U14w 2015"]
[Site "Magdeburg GER"]
[Date "2015.12.30"]
[Round "7"]
[White "Buschek, Paula"]
[Black "Reinbold, Sorah Marie"]
[Result "0-1"]
[Termination "normal"]
[Board "7.3"]
[WhiteElo "794"]
[BlackElo "917"]
[WhiteTeam "SC Borussia 1920 Friedrichsfelde"]
[BlackTeam "SK Endingen"]
[PlyCount "54"]
[WhiteFideId "16217373"]
[BlackFideId "12983497"]
[EventCountry "GER"]
[EventRounds "7"]
[EventType "team-swiss"]
[EventDate "2015.12.26"]

1. d4 c6 2. Nf3 d5 3. e3 Bg4 4. Bd3 Nf6 5. Nbd2 e6 6. c3 Nbd7 7. O-O e5 8. e4
Bd6 9. exd5 cxd5 10. dxe5 Nxe5 11. Qe1 Nfd7 12. Nxe5 Nxe5 13. h3 Be6 14. b4 O-O
15. a4 Nxd3 16. Qe3 Nxc1 17. Rfxc1 Qf6 18. b5 Bf4 19. Qe1 Qg5 20. Rc2 Bxh3 21.
Qf1 Bxd2 22. Rd1 Bf4 23. Rd3 Bf5 24. Rxd5 Qh5 25. Qd1 Qh2+ 26. Kf1 Rae8 27. f3
Bg3 0-1

[Event "DVM U14w 2015"]
[Site "Magdeburg GER"]
[Date "2015.12.30"]
[Round "7"]
[White "Wagner, Anna"]
[Black "Eilers-König, Nadja"]
[Result "1/2-1/2"]
[Termination "normal"]
[Board "7.4"]
[WhiteElo "1006"]
[BlackElo "791"]
[WhiteTeam "SK Endingen"]
[BlackTeam "SC Borussia 1920 Friedrichsfelde"]
[PlyCount "102"]
[WhiteFideId "12983489"]
[BlackFideId "16217390"]
[EventCountry "GER"]
[EventRounds "7"]
[EventType "team-swiss"]
[EventDate "2015.12.26"]

1. e4 c5 2. Bc4 Nc6 3. Nf3 d6 4. Nc3 Nf6 5. d3 g6 6. Bf4 Bg7 7. O-O O-O 8. Nd5
Nxd5 9. exd5 Na5 10. Rb1 a6 11. Bb3 b5 12. c4 Nxb3 13. axb3 b4 14. Re1 Bf5 15.
Bg5 Re8 16. Qe2 Ra7 17. Qe3 Qd7 18. Nh4 Bg4 19. h3 Bf5 20. Nxf5 Qxf5 21. Qg3 a5
22. Re3 Be5 23. Qg4 Qxg4 24. hxg4 a4 25. bxa4 Rxa4 26. b3 Ra2 27. Kf1 Bd4 28.
Re2 Rea8 29. Rbe1 Ra1 30. Rxa1 Rxa1+ 31. Re1 e6 32. Rxa1 Bxa1 33. Be7 Be5 34.
Ke2 Kg7 35. g5 f6 36. gxf6+ Kf7 37. Kf3 Bxf6 38. Bxf6 Kxf6 39. dxe6 Kxe6 40.
Ke4 h6 41. g3 h5 42. f3 g5 43. f4 h4 44. fxg5 h3 45. Kf3 Kf5 46. g4+ Kxg5 47.
Kg3 h2 48. Kxh2 Kxg4 49. Kg2 Kf4 50. Kf2 Kf5 51. Ke3 Ke5 1/2-1/2

[Event "DVM U14w 2015"]
[Site "Magdeburg GER"]
[Date "2015.12.30"]
[Round "7"]
[White "Fricke, Edna Marlene"]
[Black "Glinzner, Alva"]
[Result "0-1"]
[Termination "normal"]
[Board "8.1"]
[WhiteElo "1373"]
[BlackElo "1523"]
[WhiteTeam "Schachunion Berlin"]
[BlackTeam "Lübecker SV von 1873"]
[PlyCount "120"]
[WhiteFideId "12988839"]
[BlackFideId "16206169"]
[EventCountry "GER"]
[EventRounds "7"]
[EventType "team-swiss"]
[EventDate "2015.12.26"]

1. e4 c6 2. d4 d5 3. exd5 cxd5 4. Bd3 Nc6 5. c3 Nf6 6. Bf4 e6 7. Nf3 Bd6 8. Ne5
Qc7 9. Qe2 O-O 10. O-O Re8 11. Nd2 Nd7 12. Ndf3 f6 13. Nxd7 Bxf4 14. Nc5 b6 15.
Nb3 Bd7 16. Rfe1 Bd6 17. Rad1 Rad8 18. Qc2 f5 19. g3 Be7 20. Re3 Bf6 21. Rde1
g6 22. Ne5 Bxe5 23. dxe5 Rc8 24. f4 Red8 25. Rc1 Be8 26. Qf2 Qe7 27. Re2 Rc7
28. Rd2 Rdc8 29. Rdd1 Bf7 30. Be2 Nd8 31. Nd4 Nc6 32. Nf3 h6 33. h4 Nb4 34. a3
Nc6 35. Ba6 Rd8 36. Be2 Na5 37. Rc2 Nb3 38. Bd3 Nc5 39. Bb5 a6 40. Be2 Be8 41.
b4 Ne4 42. Qxb6 Ba4 43. Rdc1 Bxc2 44. Rxc2 Nxg3 45. Bxa6 Ne4 46. Qd4 Ra8 47. b5
Qxa3 48. b6 Rf7 49. b7 Raf8 50. Qb4 Qa1+ 51. Kg2 Rb8 52. Qb6 Nc5 53. Qxc5 Qxa6
54. Qd6 Qxd6 55. exd6 Rfxb7 56. c4 dxc4 57. Rxc4 Rd8 58. Ne5 Rxd6 59. Nxg6 Rd2+
60. Kf3 Rb3+ 0-1

[Event "DVM U14w 2015"]
[Site "Magdeburg GER"]
[Date "2015.12.30"]
[Round "7"]
[White "Mundt, Alexandra"]
[Black "Kirschner, Elena"]
[Result "1-0"]
[Termination "normal"]
[Board "8.2"]
[WhiteElo "973"]
[BlackElo "1089"]
[WhiteTeam "Lübecker SV von 1873"]
[BlackTeam "Schachunion Berlin"]
[PlyCount "85"]
[WhiteFideId "16217276"]
[BlackFideId "16205804"]
[EventCountry "GER"]
[EventRounds "7"]
[EventType "team-swiss"]
[EventDate "2015.12.26"]

1. e4 c5 2. Nf3 Nc6 3. d4 cxd4 4. Nxd4 g6 5. Nc3 Bg7 6. Be3 Nf6 7. Bb5 O-O 8.
O-O a6 9. Ba4 b5 10. Bb3 e6 11. Qd2 b4 12. Nce2 a5 13. Ng3 Bb7 14. Nxc6 Bxc6
15. Bc5 Re8 16. Rfe1 Rc8 17. Qe3 Bxe4 18. Nxe4 Nxe4 19. Bb6 Qe7 20. Qxe4 Bxb2
21. Rad1 Bc3 22. Re2 Rc6 23. Bd4 Rd6 24. Rd3 Rc8 25. Bxc3 Rxc3 26. Rxc3 bxc3
27. h3 Rd1+ 28. Re1 Rd2 29. Qe3 Qb4 30. Qf3 d5 31. a4 d4 32. Re4 Qd6 33. Re1 d3
34. Rd1 dxc2 35. Bxc2 Qa3 36. Rxd2 Qc1+ 37. Rd1 Qxc2 38. Qd3 Qb2 39. Qe3 c2 40.
Rd8+ Kg7 41. Rc8 Qa1+ 42. Kh2 Qxa4 43. Qc3+ 1-0

[Event "DVM U14w 2015"]
[Site "Magdeburg GER"]
[Date "2015.12.30"]
[Round "7"]
[White "Kessen, Fanny"]
[Black "Gossing, Marie-Sophie"]
[Result "1-0"]
[Termination "normal"]
[Board "8.3"]
[WhiteElo "860"]
[BlackElo "719"]
[WhiteTeam "Schachunion Berlin"]
[BlackTeam "Lübecker SV von 1873"]
[PlyCount "75"]
[BlackFideId "16217284"]
[EventCountry "GER"]
[EventRounds "7"]
[EventType "team-swiss"]
[EventDate "2015.12.26"]

1. e4 e5 2. Nf3 Nc6 3. Bc4 Bc5 4. d3 h6 5. c3 Na5 6. Bb5 Nc6 7. O-O Nf6 8. Ba4
Na5 9. b4 Bb6 10. bxa5 Bxa5 11. h3 O-O 12. Bb3 d6 13. Re1 Bd7 14. Bb2 Bb5 15.
Na3 Ba6 16. Nc2 Qd7 17. Ne3 Rae8 18. Nh4 Bb6 19. Nef5 g5 20. Nxh6+ Kh7 21. N4f5
Rh8 22. Nxf7 Rhf8 23. Nxg5+ Kg6 24. Bc1 Rh8 25. Qf3 Ba5 26. Rb1 Bxc3 27. Rd1
Rh5 28. Qg3 Rf8 29. Ne6+ Kf7 30. Nc5+ Ke8 31. Nxd7 Kxd7 32. Qg7+ Kd8 33. Qxf8+
Ne8 34. Ng7 Bb5 35. Nxh5 Kd7 36. Be6+ Kc6 37. Qxe8+ Kb6 38. Qxb5# 1-0

[Event "DVM U14w 2015"]
[Site "Magdeburg GER"]
[Date "2015.12.30"]
[Round "7"]
[White "Oswald, Hannah"]
[Black "Alferova, Ekaterina"]
[Result "1/2-1/2"]
[Termination "normal"]
[Board "9.1"]
[WhiteElo "1240"]
[BlackElo "1348"]
[WhiteTeam "SG Leipzig"]
[BlackTeam "SC Ammersee"]
[PlyCount "64"]
[WhiteFideId "16214960"]
[BlackFideId "16217250"]
[EventCountry "GER"]
[EventRounds "7"]
[EventType "team-swiss"]
[EventDate "2015.12.26"]

1. e4 e5 2. Nf3 Nc6 3. Bc4 Be7 4. d3 Nf6 5. O-O d6 6. c3 O-O 7. Bb3 Bg4 8. Nbd2
d5 9. h3 Bh5 10. Re1 dxe4 11. dxe4 Qd7 12. Qe2 Rad8 13. Bc2 a6 14. Nf1 Bg6 15.
Ng3 Nh5 16. Nf5 Bxf5 17. exf5 Nf4 18. Qe4 Qd5 19. Bxf4 exf4 20. Qxf4 Bd6 21.
Qg4 Ne5 22. Nxe5 Bxe5 23. Qe4 Qxe4 24. Rxe4 Bf6 25. Re2 Rd6 26. Rae1 h6 27. Be4
Rb6 28. Bb1 Kh7 29. Kh2 Rd8 30. Be4 Be5+ 31. g3 Bf6 32. Bf3 Rd7 1/2-1/2

[Event "DVM U14w 2015"]
[Site "Magdeburg GER"]
[Date "2015.12.30"]
[Round "7"]
[White "Heinze, Sabrina"]
[Black "Fischer, Laura"]
[Result "0-1"]
[Termination "normal"]
[Board "9.2"]
[WhiteElo "1435"]
[BlackElo "1214"]
[WhiteTeam "SC Ammersee"]
[BlackTeam "SG Leipzig"]
[PlyCount "38"]
[WhiteFideId "12981737"]
[BlackFideId "16208935"]
[EventCountry "GER"]
[EventRounds "7"]
[EventType "team-swiss"]
[EventDate "2015.12.26"]

1. e4 e5 2. Nf3 Nc6 3. Bc4 Bc5 4. c3 Nf6 5. d4 exd4 6. e5 d5 7. exf6 dxc4 8.
fxg7 Rg8 9. cxd4 Nxd4 10. Be3 Nxf3+ 11. Qxf3 Bxe3 12. Qxe3+ Be6 13. Nd2 Qf6 14.
Nxc4 O-O-O 15. Qc1 Qxg7 16. Rg1 Bxc4 17. Qxc4 Qxb2 18. Qc1 Rge8+ 19. Kf1 Qb5+
0-1

[Event "DVM U14w 2015"]
[Site "Magdeburg GER"]
[Date "2015.12.30"]
[Round "7"]
[White "Fege, Astrid"]
[Black "Karlinger De la Quintana, Ainhoa"]
[Result "1-0"]
[Termination "normal"]
[Board "9.3"]
[WhiteElo "1177"]
[BlackElo "1121"]
[WhiteTeam "SG Leipzig"]
[BlackTeam "SC Ammersee"]
[PlyCount "39"]
[WhiteFideId "16217152"]
[BlackFideId "16217268"]
[EventCountry "GER"]
[EventRounds "7"]
[EventType "team-swiss"]
[EventDate "2015.12.26"]

1. e4 g6 2. d4 Bg7 3. Nf3 c5 4. Bc4 Nc6 5. Be3 Qc7 6. O-O d6 7. c3 cxd4 8. cxd4
Nf6 9. Nc3 O-O 10. Qd2 Rd8 11. Rad1 Nb4 12. Rfe1 Qxc4 13. h3 Na6 14. Bh6 Bh8
15. Qg5 d5 16. exd5 Nxd5 17. Nxd5 Rxd5 18. Qxe7 Be6 19. Rxe6 fxe6 20. Qxe6# 1-0

[Event "DVM U14w 2015"]
[Site "Magdeburg GER"]
[Date "2015.12.30"]
[Round "7"]
[White "Heinze, Vanessa"]
[Black "Heck, Jasmin"]
[Result "0-1"]
[Termination "normal"]
[Board "9.4"]
[WhiteElo "737"]
[BlackElo "919"]
[WhiteTeam "SC Ammersee"]
[BlackTeam "SG Leipzig"]
[PlyCount "42"]
[WhiteFideId "16208412"]
[BlackFideId "16217160"]
[EventCountry "GER"]
[EventRounds "7"]
[EventType "team-swiss"]
[EventDate "2015.12.26"]

1. e4 d6 2. Nf3 Nf6 3. Nc3 g6 4. Bc4 Bg7 5. d3 O-O 6. Bf4 Bg4 7. O-O Nc6 8. Nd5
Nxd5 9. Bxd5 Nd4 10. Bxb7 Rb8 11. Bd5 Nxf3+ 12. gxf3 Bh3 13. Re1 e6 14. Bc4 Re8
15. Qc1 d5 16. exd5 exd5 17. Rxe8+ Qxe8 18. Bb3 Qc6 19. c3 d4 20. cxd4 Qxf3 21.
Qxc7 Qg2# 0-1

[Event "DVM U14w 2015"]
[Site "Magdeburg GER"]
[Date "2015.12.30"]
[Round "7"]
[White "Kunisch, Nina"]
[Black "Stas, Antonia"]
[Result "1-0"]
[Termination "normal"]
[Board "10.1"]
[WhiteElo "1406"]
[BlackElo "920"]
[WhiteTeam "SK Neumarkt"]
[BlackTeam "Hamburger SK von 1830"]
[PlyCount "105"]
[WhiteFideId "12982849"]
[BlackFideId "16217403"]
[EventCountry "GER"]
[EventRounds "7"]
[EventType "team-swiss"]
[EventDate "2015.12.26"]

1. e4 e5 2. Nf3 Nc6 3. Bb5 Nf6 4. O-O Bc5 5. Re1 Ng4 6. Re2 Nf6 7. c3 O-O 8. d4
exd4 9. cxd4 Bb6 10. Bg5 h6 11. Bf4 d6 12. h3 Re8 13. Nc3 Bd7 14. Bc4 Be6 15.
d5 Bxd5 16. Nxd5 Nxe4 17. Nxb6 axb6 18. Bxf7+ Kxf7 19. Qd5+ Kf8 20. Rxe4 Rxe4
21. Qxe4 Qf6 22. Bc1 d5 23. Qxd5 Rd8 24. Qb3 Nd4 25. Nxd4 Rxd4 26. Qf3 Ke7 27.
Qxf6+ Kxf6 28. Be3 Rc4 29. Rc1 b5 30. Rxc4 bxc4 31. Kf1 g5 32. Ke2 h5 33. Kf3
Kf5 34. g4+ hxg4+ 35. hxg4+ Kg6 36. Ke4 b5 37. Kd4 c6 38. Kc5 Kf6 39. Kxc6 b4
40. Kc5 c3 41. bxc3 bxc3 42. Bd4+ Kg6 43. Bxc3 Kh6 44. a4 Kh7 45. a5 Kg6 46. a6
Kh7 47. a7 Kg6 48. a8=Q Kf7 49. Qd5+ Kg6 50. Bd2 Kh7 51. Qxg5 Kh8 52. Bc3+ Kh7
53. Qg7# 1-0

[Event "DVM U14w 2015"]
[Site "Magdeburg GER"]
[Date "2015.12.30"]
[Round "7"]
[White "Müller-Glewe, Franka"]
[Black "Schilay, Maria"]
[Result "0-1"]
[Termination "normal"]
[Board "10.2"]
[WhiteElo "899"]
[BlackElo "1190"]
[WhiteTeam "Hamburger SK von 1830"]
[BlackTeam "SK Neumarkt"]
[PlyCount "94"]
[WhiteFideId "16207181"]
[BlackFideId "12942979"]
[EventCountry "GER"]
[EventRounds "7"]
[EventType "team-swiss"]
[EventDate "2015.12.26"]

1. e4 e5 2. Nf3 Nc6 3. Nc3 Nf6 4. Bc4 Nxe4 5. Nxe4 d5 6. Bxd5 Qxd5 7. d3 Bf5 8.
Qe2 O-O-O 9. O-O f6 10. Be3 Bxe4 11. dxe4 Qxe4 12. c3 f5 13. Rfe1 Qg4 14. Rad1
Rxd1 15. Rxd1 e4 16. Nd4 Qxe2 17. Nxe2 Bd6 18. Rd5 g6 19. Kf1 h5 20. g3 h4 21.
Nd4 hxg3 22. hxg3 Rh1+ 23. Ke2 Rb1 24. b3 Rb2+ 25. Kf1 Rxa2 26. Nxc6 bxc6 27.
Rd4 Ra3 28. Rc4 Rxb3 29. Rxc6 a5 30. Bd2 a4 31. Ra6 a3 32. Kg2 Rb2 33. Bc1 Ra2
34. c4 Bc5 35. Rxg6 Rxf2+ 36. Kh1 Rf1+ 37. Kh2 Rxc1 38. Ra6 Rxc4 39. Ra8+ Kb7
40. Rf8 a2 41. Rxf5 a1=Q 42. g4 Qb2+ 43. Kh3 Be7 44. g5 e3 45. g6 Rh4+ 46. Kg3
Qh2+ 47. Kf3 Qf2# 0-1

[Event "DVM U14w 2015"]
[Site "Magdeburg GER"]
[Date "2015.12.30"]
[Round "7"]
[White "Burger, Daiana"]
[Black "Wittich, Carlotta"]
[Result "0-1"]
[Termination "normal"]
[Board "10.3"]
[WhiteElo "756"]
[BlackElo "864"]
[WhiteTeam "SK Neumarkt"]
[BlackTeam "Hamburger SK von 1830"]
[PlyCount "98"]
[WhiteFideId "16217233"]
[BlackFideId "16217411"]
[EventCountry "GER"]
[EventRounds "7"]
[EventType "team-swiss"]
[EventDate "2015.12.26"]

1. e4 e5 2. Nf3 Nc6 3. Nc3 Bc5 4. Bc4 Nf6 5. O-O d6 6. h3 O-O 7. d3 h6 8. Bd2
Be6 9. Qc1 Ne7 10. Nh2 d5 11. Bb3 d4 12. Ne2 a6 13. c3 b5 14. a3 Bxb3 15. Ng3
a5 16. Bxh6 gxh6 17. Qxh6 Qd6 18. Ng4 Nxg4 19. hxg4 Qxh6 20. Nh5 dxc3 21. bxc3
b4 22. cxb4 axb4 23. Rac1 Bd6 24. axb4 f5 25. exf5 Nxf5 26. Ng3 Nxg3 27. fxg3
Rxf1+ 28. Rxf1 Bxb4 29. Rf5 Bc5+ 30. Kf1 Rf8 31. d4 Rxf5+ 32. gxf5 Bxd4 33. g4
Qd2 34. g3 c5 35. f6 Bb2 36. g5 Qxg5 37. f7+ Kxf7 38. g4 c4 39. Ke2 c3 40. Kd3
c2 41. Ke4 c1=R 42. Kf3 Rc4 43. Ke2 Qxg4+ 44. Kf1 Qd4 45. Kg2 Qd3 46. Kf2 Rc2+
47. Ke1 Qh3 48. Kd1 Rg2+ 49. Ke1 Qh1# 0-1

[Event "DVM U20 2015"]
[Site "Osnabrück GER"]
[Date "2015.12.28"]
[Round "3"]
[White "Pauly, Carlo"]
[Black "Kramer, Julian"]
[Result "0-1"]
[Termination "normal"]
[Board "1.1"]
[BlackTitle "FM"]
[WhiteElo "2266"]
[BlackElo "2364"]
[WhiteTeam "SG Porz"]
[BlackTeam "Hamburger SK von 1830"]
[PlyCount "72"]
[WhiteFideId "24673269"]
[BlackFideId "12921742"]
[EventCountry "GER"]
[EventRounds "7"]
[EventType "team-swiss"]
[EventDate "2015.12.26"]

1. d4 Nf6 2. c4 g6 3. f3 d5 4. cxd5 Nxd5 5. e4 Nb6 6. Nc3 Bg7 7. Be3 O-O 8. f4
Nc6 9. Nf3 Bg4 10. d5 Na5 11. Bf2 e6 12. Bc5 exd5 13. Bxf8 Qxf8 14. e5 Qb4 15.
Qd4 Qxb2 16. Nb5 Qxd4 17. Nfxd4 c6 18. h3 Bd7 19. Na3 f6 20. exf6 Bxf6 21.
O-O-O Re8 22. Nac2 Nac4 23. Bd3 Ne3 24. Nxe3 Bxd4 25. Ng4 Bxg4 26. hxg4 Be3+
27. Kc2 Bxf4 28. Rde1 Be3 29. Rhf1 Kg7 30. Rf3 d4 31. Ref1 Re7 32. Kb3 Nd7 33.
Rh3 a6 34. Kc2 Re5 35. Rhf3 Rc5+ 36. Kb2 Ne5 0-1

[Event "DVM U20 2015"]
[Site "Osnabrück GER"]
[Date "2015.12.28"]
[Round "3"]
[White "Uksini, Bardhyl"]
[Black "Xu, Xianliang"]
[Result "1/2-1/2"]
[Termination "normal"]
[Board "1.2"]
[BlackTitle "FM"]
[WhiteElo "2311"]
[BlackElo "2286"]
[WhiteTeam "Hamburger SK von 1830"]
[BlackTeam "SG Porz"]
[PlyCount "60"]
[WhiteFideId "1628313"]
[BlackFideId "4603230"]
[EventCountry "GER"]
[EventRounds "7"]
[EventType "team-swiss"]
[EventDate "2015.12.26"]

1. d4 Nf6 2. c4 e5 3. dxe5 Ng4 4. Nf3 Bc5 5. e3 Nc6 6. b3 d6 7. Bb2 Ngxe5 8.
Be2 O-O 9. O-O Re8 10. Nc3 Nxf3+ 11. Bxf3 Ne5 12. Na4 Bb6 13. Nxb6 axb6 14. Be2
Bd7 15. Qd4 f6 16. Qd5+ Kh8 17. Bxe5 Bc6 18. Bxf6 Qxf6 19. Qd1 Ra3 20. Bd3 Qg5
21. e4 Qa5 22. Qc2 Ra8 23. Qe2 Rxa2 24. Rxa2 Qxa2 25. Bc2 Qb2 26. Qd3 g6 27. h4
Ra2 28. Bb1 Ra3 29. Bc2 Ra2 30. Bb1 Ra3 1/2-1/2

[Event "DVM U20 2015"]
[Site "Osnabrück GER"]
[Date "2015.12.28"]
[Round "3"]
[White "Sabirov, Ramil"]
[Black "Hinrichs, Lars"]
[Result "1/2-1/2"]
[Termination "normal"]
[Board "1.3"]
[WhiteElo "1977"]
[BlackElo "2251"]
[WhiteTeam "SG Porz"]
[BlackTeam "Hamburger SK von 1830"]
[PlyCount "89"]
[WhiteFideId "12900303"]
[BlackFideId "12921769"]
[EventCountry "GER"]
[EventRounds "7"]
[EventType "team-swiss"]
[EventDate "2015.12.26"]

1. Nf3 g6 2. c4 Bg7 3. g3 e5 4. Nc3 Ne7 5. Bg2 O-O 6. O-O Nbc6 7. Ne1 Nd4 8. e3
Ne6 9. Nc2 c6 10. d4 exd4 11. Nxd4 d6 12. Nde2 Nc7 13. Nf4 Ne6 14. Nce2 Nc5 15.
Nd4 Nf5 16. Nfe2 Re8 17. Qc2 Qe7 18. b3 Nxd4 19. Nxd4 Ne6 20. Bb2 Nxd4 21. Bxd4
Bxd4 22. exd4 Bf5 23. Qc3 Qd7 24. Rfe1 Rxe1+ 25. Rxe1 Re8 26. Re3 b6 27. a3 c5
28. dxc5 dxc5 29. Bd5 Bh3 30. Qf6 Re6 31. Qf4 Rxe3 32. fxe3 Qf5 33. e4 Qxf4 34.
gxf4 Kg7 35. Kf2 h6 36. b4 Kf6 37. bxc5 bxc5 38. Kf3 Bd7 39. Ke3 g5 40. Kf3 Ba4
41. e5+ Kf5 42. Be4+ Ke6 43. Bd5+ Kf5 44. Be4+ Ke6 45. Bd5+ 1/2-1/2

[Event "DVM U20 2015"]
[Site "Osnabrück GER"]
[Date "2015.12.28"]
[Round "3"]
[White "Grötzbach, Julian"]
[Black "Eigemann, Frederik"]
[Result "1-0"]
[Termination "normal"]
[Board "1.4"]
[WhiteElo "2225"]
[BlackElo "2011"]
[WhiteTeam "Hamburger SK von 1830"]
[BlackTeam "SG Porz"]
[PlyCount "65"]
[WhiteFideId "24600938"]
[BlackFideId "24692034"]
[EventCountry "GER"]
[EventRounds "7"]
[EventType "team-swiss"]
[EventDate "2015.12.26"]

1. Nf3 Nf6 2. c4 c5 3. g3 b6 4. Bg2 Bb7 5. O-O e6 6. Nc3 Be7 7. Re1 d6 8. e4
Nbd7 9. d4 cxd4 10. Nxd4 Qc7 11. b3 a6 12. a4 O-O 13. f4 d5 14. exd5 Bb4 15.
Re3 Bxc3 16. Rxc3 Bxd5 17. Ba3 Rfd8 18. Bxd5 Nxd5 19. Rd3 N5f6 20. Be7 Re8 21.
Bxf6 Nxf6 22. Qf3 e5 23. fxe5 Qxe5 24. Rad1 Rac8 25. Nf5 Re6 26. Nd6 Rd8 27.
Qf4 Qc5+ 28. Qd4 Qc7 29. Nb5 Rxd4 30. Nxc7 Rxd3 31. Rxd3 Kf8 32. Nxe6+ fxe6 33.
Rd6 1-0

[Event "DVM U20 2015"]
[Site "Osnabrück GER"]
[Date "2015.12.28"]
[Round "3"]
[White "Baltic, Fatih"]
[Black "Grötzbach, Daniel"]
[Result "1-0"]
[Termination "normal"]
[Board "1.5"]
[WhiteElo "1945"]
[BlackElo "2050"]
[WhiteTeam "SG Porz"]
[BlackTeam "Hamburger SK von 1830"]
[PlyCount "81"]
[WhiteFideId "12979090"]
[BlackFideId "24692166"]
[EventCountry "GER"]
[EventRounds "7"]
[EventType "team-swiss"]
[EventDate "2015.12.26"]

1. e4 c5 2. Nf3 d6 3. d4 cxd4 4. Nxd4 Nf6 5. Nc3 a6 6. Be3 e5 7. Nb3 Be7 8. f3
Be6 9. Qd2 Nbd7 10. O-O-O b5 11. g4 Nb6 12. g5 Nfd7 13. Kb1 Qc7 14. Nd5 Bxd5
15. exd5 Rc8 16. Bh3 Nc4 17. Qe2 a5 18. Rhe1 a4 19. Nd4 b4 20. Nc6 Na5 21.
Bxd7+ Kxd7 22. Nxb4 Qb7 23. a3 Nc4 24. c3 Rc7 25. f4 Kc8 26. fxe5 dxe5 27. Qg4+
Kb8 28. Qe2 Ka8 29. Qc2 Qb5 30. d6 Nxd6 31. Rd5 Qd7 32. Ra5+ Kb8 33. Na6+ Kc8
34. Nxc7 Kxc7 35. Ra7+ Nb7 36. Rxa4 Rd8 37. Rc4+ Kb8 38. Bb6 Rc8 39. Rxc8+ Qxc8
40. Rxe5 Bd6 41. Qa4 1-0

[Event "DVM U20 2015"]
[Site "Osnabrück GER"]
[Date "2015.12.28"]
[Round "3"]
[White "Elbracht, Michael"]
[Black "Spindler, Florian"]
[Result "1/2-1/2"]
[Termination "normal"]
[Board "1.6"]
[WhiteElo "2079"]
[BlackElo "1794"]
[WhiteTeam "Hamburger SK von 1830"]
[BlackTeam "SG Porz"]
[PlyCount "93"]
[WhiteFideId "12945595"]
[BlackFideId "12964387"]
[EventCountry "GER"]
[EventRounds "7"]
[EventType "team-swiss"]
[EventDate "2015.12.26"]

1. e4 c5 2. Nf3 e6 3. b3 Nc6 4. Bb2 d6 5. Nc3 Nf6 6. Bd3 a6 7. O-O Be7 8. Re1
e5 9. Bf1 Be6 10. d3 O-O 11. Ne2 Qc7 12. Ng3 Nd4 13. c3 Nxf3+ 14. Qxf3 Bg4 15.
Qe3 Rac8 16. Be2 Bxe2 17. Rxe2 Rfd8 18. Nf5 g6 19. Nxe7+ Qxe7 20. Rf1 Nh5 21.
g3 Qe6 22. f4 exf4 23. gxf4 d5 24. Rg2 dxe4 25. dxe4 Nf6 26. e5 Nd5 27. Qg3 Qf5
28. c4 Nb4 29. Qf3 h6 30. Qxb7 Nc2 31. Rg3 Rd2 32. e6 Qxe6 33. f5 Qd7 34. Qxd7
Rxd7 35. fxg6 fxg6 36. Rxg6+ Kh7 37. Rff6 Rg8 38. Rxg8 Kxg8 39. Rxa6 Rd1+ 40.
Kf2 Rd2+ 41. Kg3 Nb4 42. Ra8+ Kf7 43. Ra7+ Kg6 44. Rg7+ Kh5 45. Ba3 Nxa2 46.
Bxc5 Rd3+ 47. Kf4 1/2-1/2

[Event "DVM U20 2015"]
[Site "Osnabrück GER"]
[Date "2015.12.28"]
[Round "3"]
[White "Beeck, Mats"]
[Black "Bergauz, Noam"]
[Result "1/2-1/2"]
[Termination "normal"]
[Board "2.1"]
[WhiteElo "2125"]
[BlackElo "2286"]
[WhiteTeam "SK Doppelbauer Kiel"]
[BlackTeam "SK München Südost"]
[PlyCount "48"]
[WhiteFideId "12936944"]
[BlackFideId "12938033"]
[EventCountry "GER"]
[EventRounds "7"]
[EventType "team-swiss"]
[EventDate "2015.12.26"]

1. d4 Nf6 2. c4 g6 3. Nc3 Bg7 4. e4 d6 5. Nf3 O-O 6. Be2 Bg4 7. Be3 Nfd7 8. Rc1
e5 9. d5 a5 10. O-O Na6 11. Ne1 Bxe2 12. Qxe2 f5 13. f3 Nf6 14. a3 fxe4 15.
fxe4 Qd7 16. Nd3 Ng4 17. Bd2 Nc5 18. Nxc5 dxc5 19. Rxf8+ Rxf8 20. Rf1 Nf6 21.
b3 b6 22. Bg5 Ne8 23. Rxf8+ Bxf8 24. Qf3 Bg7 1/2-1/2